Personajes de Mortal Kombat - Estadísticas

Estadísticas generales
  • Esta prueba ha sido intentada 314 veces
    242 desde el último reinicio
  • La puntuación promedio es 43 de 83
Estadísticas de respuestas
Personajes % Correcto
MK2 Kitana
95%
MK9 Cyber Sub-Zero
94%
MK Scorpion
94%
MK Sub-Zero
94%
MK Liu Kang
93%
MK Raiden
92%
MK Sonya Blade
84%
MK2 Jade
83%
MK2 Mileena
83%
MK2 Kung Lao
82%
MK2 Baraka
81%
MK2 Noob Saibot
81%
MK Goro
79%
MK3 Sindel
79%
MK Johnny Cage
78%
MK Reptile
78%
MK2 Smoke
76%
MK Kano
75%
UMK3 Ermac
74%
MK2 Jax
74%
MK3 Cyrax
70%
UMK3 Rain
69%
MK2 Shao Kahn
69%
MK Shang Tsung
68%
MKX Cassie Cage
65%
MK2 Kintaro
65%
MK3 Sektor
65%
MKMSZ Quan Chi
64%
MK3 Kabal
62%
MKDA Kenshi
59%
MK3 Motaro
57%
MK3 Sheeva
57%
MK9 Skarlet
56%
MKMSZ Shinnok
53%
MK4 Tanya
53%
MKDA Frost
52%
MK3 Stryker
52%
MKSF Tremor
51%
MKDA Bo' Rai' Cho
50%
MKDA Li Mei
49%
MK3 Nightwolf
48%
MKDA Nitara
48%
MKX Erron Black
47%
MKD Havik
47%
MKX Kotal Kahn
46%
MKMSZ Fujin
45%
MKX D'Vorah
44%
MKX Takeda Takahashi
44%
MK11 Kronika
43%
MK11 Geras
42%
MK4 Reiko
42%
MKX Ferra/Torr
41%
MKDA Blaze
40%
MKT Khameleon
40%
MKD Onaga
39%
MKD Ashrah
37%
MK11 Cetrion
37%
MKD Darrius
36%
MKX Jacqui Briggs
36%
MKT Chameleon
35%
MKDA Mavado
34%
MK4 Meat
33%
MKD Kobra
32%
MKDA Mokap
32%
MKDA Moloch
32%
MKD Shujinko
32%
MKA Taven
31%
MKMSZ Sareena
30%
MK4 Jarek
28%
MK11 Kollector
28%
MKX Kung Jin
28%
MKA Daegon
27%
MK4 Kai
27%
MKD Kira
27%
MKX Triborg
25%
MKD Hotaru
21%
MKDA Drahmin
20%
MKDA Hsu Hao
20%
MKD Dairou
19%
MK1 Floyd
18%
MK1 Janet Cage
16%
MK1 Madam Bo
15%
MKSF Tasia
14%
No se encontraron pruebas coincidentes
Distribución de puntuación
Porcentaje de gente con cada puntuación
Porcentaje por número respondido
Historial de tus puntuaciones
No has intentado esta prueba desde el último reinicio